Statistics for Guess the K-pop songs by pictures

Click here to take the quiz!

General Stats

  • This quiz has been taken 32 times
  • The average score is 8 of 11

Answer Stats

Answer% Correct
Lion
96%
Cookie
92%
Ice Cream
92%
Money
88%
Eleven
85%
Whistle
81%
Crown
77%
Fever
69%
Flower
62%
Sour Grape
38%
Zero
35%

Score Distribution

Percentile by Number Answered

Percent of People with Each Score

Your Score History

You have not taken this quiz